01148 2200409 4500001002100000005001500021035002500036007000300061008004100064020002200105040001700127082001200144084001400156100003400170245007100204260003100275300003800306504003400344650003100378700003700409850001200446090001800458090002100476999002100497990001700518990001700535990002100552990002100573990001700594990001700611990001700628990001700645990002100662990001700683990001700700990002100717INLIS00000000001512020200320092314 a0010-101500000000854ta151020s2015 yoia g f 0 ger d a978-602-258-266-3 aYOPDYOGbind04223a411 a411 ANA p0 aAnas Ahmadid1980-ePengarang1 aPsikologi menulis /cAnas Ahmadi; Penyunting, Kartika N. Nugrahini3 aYogyakarta :bOmbak,c2015 aix, 131 halaman :btabel ;c21 cm aBibliografi : halaman 123-129 4aTulisan--vAspek psikologi0 aKartika N. NugrahiniePenyunting aYOPDYOG aDEP 411 ANA p aCB-D.11 2015-471 aCB-D.11/2015-471 a3717-KS/B.15 a3718-KS/B.15 aCB-D.11/2015-471 aCB-D.11/2015-471 a3717-KS/B.15 a3718-KS/B.15 a3717-KS/B.15 a3718-KS/B.15 aCB-D.11/2015-471 a3718-KS/B.15 a3717-KS/B.15 aCB-D.11/2015-471